The grammar lab:
The Grammar Lab is a series of three grammar books for children. It is designed for learners who need to supplement the grammar taught in coursebooks with more examples, explanations and exercises.
محفوظ في:
| المؤلف الرئيسي: | |
|---|---|
| التنسيق: | كتاب |
| اللغة: | Undetermined |
| منشور في: |
Oxford
Oxford Univ. Press
1999
|
| الموضوعات: | |
| الوسوم: |
إضافة وسم
لا توجد وسوم, كن أول من يضع وسما على هذه التسجيلة!
|
| Thư viện lưu trữ: | Trung tâm Học liệu Trường Đại học Cần Thơ |
|---|
| LEADER | 00882nam a2200241Ia 4500 | ||
|---|---|---|---|
| 001 | CTU_42337 | ||
| 008 | 210402s9999 xx 000 0 und d | ||
| 020 | |b 78000 | ||
| 020 | |c 189000 | ||
| 082 | |a 428.24 | ||
| 082 | |b B774/B3 | ||
| 100 | |a Bourke, Kenna | ||
| 245 | 4 | |a The grammar lab: | |
| 245 | 0 | |c Kenna Bourke; Illustratedy Korby Paul and David Mostyn | |
| 260 | |a Oxford | ||
| 260 | |b Oxford Univ. Press | ||
| 260 | |c 1999 | ||
| 520 | |a The Grammar Lab is a series of three grammar books for children. It is designed for learners who need to supplement the grammar taught in coursebooks with more examples, explanations and exercises. | ||
| 650 | |a English language,English language,Anh ngữ thực hành | ||
| 650 | |x grammar,textbooks for foreign speakers | ||
| 904 | |i Minh | ||
| 910 | |a Nguyên | ||
| 980 | |a Trung tâm Học liệu Trường Đại học Cần Thơ | ||